A small town in Germany / (Record no. 5526)

MARC details
000 -LEADER
fixed length control field 01765cam a22002651 4500
001 - CONTROL NUMBER
control field 5526
003 - CONTROL NUMBER IDENTIFIER
control field FISKH
005 - DATE AND TIME OF LATEST TRANSACTION
control field 20241216143046.0
008 - FIXED-LENGTH DATA ELEMENTS--GENERAL INFORMATION
fixed length control field 710924r1968 nyu 000 1 eng
010 ## - LIBRARY OF CONGRESS CONTROL NUMBER
LC control number 67015283
040 ## - CATALOGING SOURCE
Original cataloging agency DLC
Transcribing agency DLC
Modifying agency DLC
Language of cataloging eng
050 ## - LIBRARY OF CONGRESS CALL NUMBER
Classification number PZ4.L4526
082 ## - DEWEY DECIMAL CLASSIFICATION NUMBER
Classification number 813
100 1# - MAIN ENTRY--PERSONAL NAME
Personal name Le Carré, John,
Dates associated with a name 1931-2020,
Relator term author.
245 12 - TITLE STATEMENT
Title A small town in Germany /
Statement of responsibility, etc. by John Le Carré,
250 ## - EDITION STATEMENT
Edition statement First Dell printing August 1969
260 ## - PUBLICATION, DISTRIBUTION, ETC.
Place of publication, distribution, etc. New York :
Name of publisher, distributor, etc. Dell Publishing,
Date of publication, distribution, etc. 1968
300 ## - PHYSICAL DESCRIPTION
Extent 311 pages :
Other physical details 18 cm
500 ## - GENERAL NOTE
General note A novel.
520 ## - SUMMARY, ETC.
Summary, etc. "A Small Town in Germany is an exciting, compulsively readable and brilliantly plotted novel. Le Carr� has shown once more that he can write this kind of book better than anyone else around-and he has done so without repeating himself." - The New York Times Book Review In the late 1960s, in the town of Bonn, capital of West Germany, a British Embassy officer by the name of Leo Harting goes missing-and forty-three confidential-or-higher files with him. Dispatched from the British Foreign Office to investigate, Alan Turner arrives in Bonn to find riots, protests, and a tenuous balance of power. As if there isn't enough pressure, the embassy's head of Chancery, Rawley Bradfield, makes it clear he has no intentions of making Turner's investigation an easy one. As Turner peels back the layers of chaos and desperation swirling around Bonn and the British Embassy, and grows ever closer to understanding the missing Leo Harting, he begins to uncover a web of deceit and corruption that threatens to upend British interests in Western Europe.
650 ## - SUBJECT ADDED ENTRY--TOPICAL TERM
Topical term or geographic name entry element Novel
Form subdivision Spy Fiction
906 ## - LOCAL DATA ELEMENT F, LDF (RLIN)
a 7
b cbc
c orignew
d u
e ocip
f 19
g y-gencatlg
942 ## - ADDED ENTRY ELEMENTS (KOHA)
Source of classification or shelving scheme Dewey Decimal Classification
Koha item type Books
Suppress in OPAC No
Holdings
Withdrawn status Lost status Source of classification or shelving scheme Damaged status Not for loan Collection Home library Current library Shelving location Date acquired Total Checkouts Full call number Barcode Date last seen Price effective from Koha item type
    Dewey Decimal Classification     Fiction Footprints International School Library Network Toul Kork Campus Footprints International School Library Network Toul Kork Campus TTP Secondary Fiction Bookshelves 12/16/2024   CAR 813 PZ4.L4526 2024-2453 12/16/2024 12/16/2024 Books